Plus Grandes Villes Bosnie Herzégovine - Statistiques

Statistiques générales
  • Ce quiz a été pris 367 fois
  • Le résultat moyen est 4 sur 10
Statistiques - réponses
Ville
Population
(en milliers)
% Correct
Sarajevo 297
100%
Mostar 64
84%
Banja Luka 173
80%
Zenica 85
49%
Bihac 39
37%
Prijedor 36
24%
Brcko 38
23%
Trebinje 33
16%
Tuzia 88
5%
Bijljina 37
1%
Aucun quiz correspondant
Distribution des résultats
% des personnes avec chaque résultat
Percentile par nombre de réponses
Votre historique - résultats
Vous n’avez pas pris ce quiz